Normal view
MARC view
Entry Topical Term
001 - CONTROL NUMBER
- control field: 10568
003 - CONTROL NUMBER IDENTIFIER
- control field: OSt
005 - DATE AND TIME OF LATEST TRANSACTION
- control field: 20150912171900.0
008 - FIXED-LENGTH DATA ELEMENTS
- fixed length control field: 150912|| aca||aabn | a|a d
040 ## - CATALOGING SOURCE
- Original cataloging agency: OSt
- Transcribing agency: OSt
150 ## - HEADING--TOPICAL TERM
- Topical term or geographic name entry element: Fiction
670 ## - SOURCE DATA FOUND
- Source citation: Work cat.: (OSt)3372: Verma, Nirmal 7376, Dark dispatches, 1993









